Vista normal Vista MARC

Entrada Personal Name

Número de registros utilizados en: 1

001 - CONTROL NUMBER

  • control field: 24110

003 - CONTROL NUMBER IDENTIFIER

  • control field: OSt

005 - DATE AND TIME OF LATEST TRANSACTION

  • control field: 20230915231105.0

008 - FIXED-LENGTH DATA ELEMENTS

  • fixed length control field: 230915|| aca||aabn | a|a d

040 ## - CATALOGING SOURCE

  • Original cataloging agency: OSt
  • Transcribing agency: OSt

100 ## - HEADING--PERSONAL NAME

  • Personal name: Starico de Accomo, Mabel Nelly

670 ## - SOURCE DATA FOUND

  • Source citation: Work cat.: (OSt)26628: Starico de Accomo, Mabel Nelly, Los proyectos en el aula , hacia un aprendizaje significativo en una escuela para la diversidad, Magisterio









Instituto Departamental de Cultura del Meta - Red Departamental de Bibliotecas Públicas del Meta.